[Event "Elenite"]
[Site "Elenite"]
[Date "1993.??.??"]
[Round "4"]
[White "Sokolov, Ivan"]
[Black "Nikolic, Predrag"]
[Result "1-0"]
[WhiteElo "2610"]
[BlackElo "2625"]
[Annotator "Hansen,Cu"]
[PlyCount "91"]
[EventDate "1993.??.??"]
[EventType "tourn"]
[EventRounds "11"]
[EventCountry "BUL"]
[EventCategory "14"]
[SourceTitle "CBM 038"]
[Source "ChessBase"]
[SourceDate "1994.02.01"]
[SourceVersion "1"]
[SourceVersionDate "1994.02.01"]
[SourceQuality "1"]

1. d4 {Chekhov} d5 2. c4 dxc4 3. e3 Nf6 4. Bxc4 e6 5. Nf3 c5 6. O-O a6 7. Bd3
Nc6 (7... cxd4 {Chekhov} 8. exd4 g6 9. Nc3 Bg7 10. Bg5 h6 11. Bh4 Nc6 12. Rc1
Nxd4 13. Qa4+ (13. Nxd4 Qxd4 14. Bb5+ Nd7 $1) 13... Nc6 14. Rfd1 $44 {
Petursson,M-Nikolic,Pr /Lugano/1989 Inf 47/471/}) (7... Nbd7 {Chekhov} 8. Qe2
Qc7 9. Nbd2 b6 10. Re1 Bb7 11. Nf1 Be7 12. Bd2 Ne4 $1 13. Rac1 Qb8 14. Bc3 O-O
15. Bxe4 Bxe4 16. Ng3 Bb7 17. e4 cxd4 18. Bxd4 Rc8 $132 {Salov,V-Kamsky,G /
Dortmund/1992 Inf 54/386/}) 8. a3 (8. Nc3 {Chekhov} cxd4 (8... Qc7 {Chekhov} 9.
a3 Bd7 10. Qe2 Rc8 11. Bd2 cxd4 12. exd4 Be7 13. Rac1 O-O 14. Rfd1 Rfe8 15. Bb1
Qb6 16. Bg5 Nd5 17. Nxd5 exd5 18. Bxe7 Nxe7 19. Rxc8 Nxc8 20. Ne5 Be6 $10 {
Hansen,L Bo-Hutters,T /Taastrup/1992/}) 9. exd4 Be7 10. Bg5 O-O 11. Rc1 Nd5 12.
Nxd5 Bxg5 $1 13. Nxg5 Qxg5 14. Nb6 Rb8 15. Qc2 g6 16. Qc5 Qd8 17. Rc4 Bd7 $1
$10 {Cvitan,O-Kharlov,A /Biel/1992 Inf 55/396/}) 8... cxd4 (8... Qc7 {Chekhov}
9. dxc5 Bxc5 10. b4 Bd6 11. Bb2 $14) 9. exd4 Be7 10. Nc3 O-O (10... b6 $5 {
Chekhov}) 11. Bc2 b6 (11... b5 12. Qd3 (12. Be3 Bb7 13. Qe2 Rc8 14. Rac1 Na5
$10 {Bogoljubow,E-Fine,R/Zandvoort/1936/}) (12. Re1 b4 13. Na4 Rb8 14. Bf4 Rb5
15. Bb3 Na5 16. Bc2 Bb7 17. Bd3 bxa3 18. bxa3 {0,5/Horvath,Jo-Somlai,L/
Budapest Elekes/1991/}) 12... Bb7 13. Bg5 (13. Re1 g6 14. Bb3 Rc8 15. Bh6 Re8
16. Ba2 b4 $10 {Najdorf,M-Polugaevsky,L/Mar del Plata/1971/}) 13... g6 14. Rad1
b4 (14... Rc8 15. Rfe1 Nd5 16. Bh6 Nxc3 17. bxc3 Re8 18. a4 Na5 $10 {Lempert,
I-Suetin,A/Nabereznye Chelny/1993/}) 15. Na4 bxa3 16. bxa3 Na5 17. Nc5 Bc6 18.
Rfe1 $14 {Donner,J-van Scheltinga/Wijk/1969/}) 12. Bg5 (12. Re1 Ra7 13. Qd3 Rd7
14. Be3 Bb7 15. Rad1 g6 16. Qe2 Qc7 17. Bb1 $14 {Vaganjan,R-Bronstein,D/USSR/
1973/}) (12. Qd3 Bb7 13. Re1 g6 14. Bh6 Re8 15. Rad1 Nd5 16. Nxd5 Qxd5 17. Bb3
Qb5 18. Bc4 Qh5 19. Qe3 $14 {Ravi,L-Ravi,T/Calcutta/1992/}) 12... Bb7 13. Qd3 {
/\Bxf6 +-} g6 14. Rad1 Rc8 {/\15. - Nd5 16.Bh6 Nc3 17.bc3 Re8=} 15. Bb3 b5 (
15... Na5 16. Ba2 Nd5 17. Bxd5 exd5 18. Bxe7 Qxe7 19. Rfe1 $14) 16. Ba2 Na5 $6
(16... b4 $5 $10) (16... b4 {Chekhov} 17. Bxf6 Bxf6 18. Ne4 Be7 (18... Bg7 19.
Nc5 $14) 19. d5 $14) 17. Ne5 $14 Nd7 (17... Nd5 $5 {Chekhov}) 18. Bxe7 Qxe7 19.
Nxd7 Qxd7 {/\Nc4=/+} 20. d5 $8 exd5 $2 (20... Nc4 $1 21. dxe6 (21. Ne4 f5) (21.
Qh3 f5 $10) (21. Ne4 $1 $36 {Chekhov}) 21... Qxe6 22. Rfe1 Qf6 $10) 21. Bxd5 {
פa5,><f6} Kg7 (21... Nc6 22. Ne4 $16 {/\Nf6+//\Nd6}) 22. Qd4+ f6 23. Rfe1 Bxd5
(23... Nc4 $2 24. Bxc4 Qxd4 25. Rxd4 bxc4 26. Re7+ Rf7 27. Rxf7+ Kxf7 28. Rd7+
$18) (23... Rfd8 24. Ne4 Rc6 25. Qb4 $18) (23... Rfe8 24. Ne4 $18) 24. Nxd5 {
/\Re7+ +-} Nc6 (24... Rf7 25. Re7 Qc6 26. Nxf6 Rxe7 (26... Qxf6 27. Rxf7+ Kxf7
28. Qd7+ $18) 27. Nd5+ Kf7 28. Nxe7 Kxe7 29. Qg7+ Ke6 30. Re1+ Kd5 31. Qe5+ Kc4
32. Rc1+ $18) 25. Qb6 $1 {/\Ne7//\Qxa6 +-} Rb8 (25... Qa7 {Chekhov} 26. Re7+
$18) 26. Qxa6 $18 Qb7 27. Qxb7+ Rxb7 28. Nf4 Ra8 29. Ne6+ Kg8 (29... Kf7 {
Chekhov} 30. Rd6 $18) 30. Rd6 Ne5 31. Nc5 {קf6} Rc7 32. Ne4 Nc4 33. Nxf6+ Kf7
(33... Kg7 {Chekhov} 34. Rde6) 34. Rde6 Nxb2 35. Nxh7 Nd3 (35... Rxa3 $2 {
Chekhov} 36. Ng5+ Kg7 37. R6e2) 36. Ng5+ Kg7 37. Rf1 Kh6 (37... Rxa3 38. Rb6 {
/\Rxb5/Ne6+} Kh6 39. Rxb5) (37... Rxa3 $5 {Chekhov}) 38. Re3 Nf4 (38... Rxa3
39. Ne6 {/\Rh3#/Nxc7}) 39. h4 Rca7 40. g3 Nd5 41. Rd3 Nf6 42. Rb1 Rxa3 43. Rxa3
Rxa3 44. Rxb5 Ra7 45. Kg2 Kg7 46. Rc5 1-0

[Event "St Stefan/Belgrade m"]
[Site "Belgrade"]
[Date "1992.??.??"]
[Round "6"]
[White "Spassky, Boris Vasilievich"]
[Black "Fischer, Robert James"]
[Result "1/2-1/2"]
[WhiteElo "2560"]
[BlackElo "2785"]
[Annotator "Hansen,Cu"]
[PlyCount "122"]
[EventDate "1992.09.??"]
[EventType "match"]
[EventRounds "30"]
[EventCountry "YUG"]
[SourceTitle "CBM 031"]
[Source "ChessBase"]
[SourceDate "1992.12.01"]
[SourceVersion "1"]
[SourceVersionDate "1992.12.01"]
[SourceQuality "1"]

1. d4 d5 2. c4 dxc4 3. Nf3 Nf6 4. e3 e6 5. Bxc4 c5 6. O-O a6 7. dxc5 Qxd1 8.
Rxd1 Bxc5 9. b3 Nbd7 (9... Nc6 10. Bb2 Bd7 11. Nbd2 Be7 12. Ng5 Nd5 13. Nge4
O-O 14. Nf3 Nb6 15. Be2 Rfd8 16. Kf1 {1/2-1/2 Nikolic,P-Ljubojevic Reykjavik
WCup 1991}) 10. Bb2 b5 (10... b6 11. Nbd2 (11. Ne5 Bb7 12. Bf1 Nxe5 13. Bxe5
Ke7 {1/2-1/2 Smyslov-Petrosian Las Palmas izt 1982}) (11. Nc3 Bb7 12. Rac1 Be7
13. Nd4 Rc8 14. f3 b5 15. Be2 Bc5 16. Kf1 Ke7 17. e4 g5 18. Nb1 g4 19. Ba3 b4
$6 (19... Bxa3 20. Nxa3 $10) 20. Rxc5 $1 Nxc5 21. Bxb4 $14 {Spassky-Fischer
Sveti Stefan (4)}) 11... Bb7 12. Rac1 Ke7 13. Be2 Rhd8 14. Nc4 Rac8 15. a3 b5
16. Na5 Ba8 17. Nd4 $14 {Spassky-Heinbuch BL 1986}) 11. Be2 Bb7 12. Nbd2 Ke7 (
12... O-O 13. a4 bxa4 14. Rxa4 Nb6 (14... Be7 15. Ba3 Bxa3 16. Rxa3 Nd5 17.
Rda1 Nc5 18. Rc1 {1/2-1/2 Spassky-Nikolic Barcelona WCup 1989}) 15. Raa1 a5 16.
Rdc1 Rfc8 17. Bd4 Bxd4 18. Nxd4 Rxc1+ 19. Rxc1 Bd5 20. Bf3 {1/2-1/2
Yurtaev-Yermolinsky Frunze 1988}) 13. a4 bxa4 (13... b4 14. Rac1 Rhc8 15. Nc4
a5 16. Nfd2 g6 17. Bf3 $14 {Van der Sterren-Schlosser Munich 1989}) 14. Rxa4
Rhb8 15. Rc1 Bd5 $2 16. Ne5 $1 $14 Bd6 (16... Bxb3 17. Nc6+ (17. Nxb3 Rxb3 18.
Nxd7 Rxb2 $10) (17. Nxd7 Nxd7 18. Nxb3 Rxb3 19. Bxg7 Rxe3 $1 $10) 17... Ke8 (
17... Kd6 18. Nxb8 Bxa4 19. Nxd7 Nxd7 (19... Bxd7 20. Bxf6 gxf6 21. Ne4+ $18)
20. Ne4+ Kc6 21. Nxc5 Nxc5 22. Bf3+ $18) 18. Ra5 $16) (16... Bb4 17. Ndc4 {
/\Rxb4} Nc5 18. Rxb4 Rxb4 19. Ba3 Rab8 20. Na5 $16) (16... a5 17. Rxc5 Nxc5 18.
Ba3 Rc8 19. e4 Bb7 20. Rc4 Kd6 21. Nxf7+ Ke7 22. Ne5 Kd6 23. Nd3 Nfd7 24. e5+
$18) 17. Nxd7 Nxd7 18. Rxa6 (18. Bxg7 Rg8 19. Rg4 h5 20. Rg5 f6 21. Rg6 Kf7 22.
Bxh5 Rxg7 $17) 18... Rxa6 19. Bxa6 f6 $2 (19... Bb4 $1 20. Bc3 (20. Nf3 Nc5 21.
Bc4 Nxb3 22. Bxb3 Bxb3 23. Bxg7 Bd5 $14) 20... Bxc3 21. Rxc3 Ra8 22. Bc4 Ra1+
23. Nf1 Nb6 $15) (19... Nc5 $1 20. Bc4 Bxc4 21. Nxc4 Nxb3 22. Rb1 g6 23. Nxd6 (
23. Bc3 Rc8 24. Nxd6 Rxc3 $10) 23... Kxd6 24. Ba3+ Kd7 $10) 20. Bc4 Bxc4 21.
Rxc4 Nc5 22. Rc3 $16 f5 23. Ba3 Ne4 24. Rc7+ Kd8 (24... Kf8 25. Nxe4 Bxa3 26.
Ng5 $18) 25. Bxd6 Nxd2 26. Rxg7 Rxb3 27. h4 (27. f3 $5 Rxe3 28. Bf4 Re2 29.
Rxh7 $16) (27. g4 $5 fxg4 28. Rxh7 Rb1+ 29. Kg2 Nf3 30. Kg3 Rg1+ 31. Kf4 Rg2
32. h3 Rxf2 33. hxg4 Nd2+ 34. Ke5 Nf3+ (34... Nc4+ 35. Kxe6 Nxd6 36. Kxd6 Ke8
37. e4 Rf4 38. e5 $18) 35. Kf6 Nd4+ (35... Rg2 36. Rg7 Re2 37. Bf4 e5 38. Bh6
$18) 36. Bf4 Ne2 37. Kxe6 Nxf4+ 38. exf4 Rxf4 39. Rh8+ Kc7 40. g5 $18) 27... h5
28. Bf4 (28. Rh7 Rb1+ 29. Kh2 Ne4 30. Bg3 Nf6 $132) 28... Ke8 29. Kh2 $2 (29.
Bg5 $1 $18 {/\Re7+} Ne4 30. Re7+ Kf8 31. Rxe6 Rb1+ 32. Kh2 Kf7 (32... Nxf2 33.
Rf6+ Kg7 34. Rxf5 Ng4+ 35. Kg3 $18) 33. Re5 Kg6 34. f3 Nxg5 35. hxg5 Kxg5 36.
e4 $18) (29. Rh7 $18 Ne4 30. f3 (30. Rxh5 Rb1+ 31. Kh2 Nxf2 $13) 30... Nf6 31.
Rh6 Kf7 32. Bg5 Ng8 33. Rxh5 Kg6 34. Rh8 Kg7 35. Rh5 Kg6 36. g4 fxg4 (36... e5
37. Kf2 $18) 37. fxg4 Rb4 38. Bf4 Nf6 39. Rg5+ Kf7 40. h5 $18) 29... Rb2 30.
Kh3 Ne4 31. f3 Nf2+ 32. Kg3 $6 (32. Kh2 Nd3 33. Bd6 Ne1 34. Kh3 $18) 32... Nd3
33. Bg5 (33. Rh7 Ne1 $132) 33... e5 (33... Ne1 $6 34. Re7+ Kf8 35. Rxe6 Rxg2+
36. Kf4 Rf2 37. Kxf5 Nxf3 (37... Rxf3+ 38. Kg6 $18) 38. Kg6 Nxg5 39. Kxg5 $18)
34. Kh3 Nf2+ 35. Kh2 Nd3 36. Bh6 Ne1 37. Kg1 Nd3 38. Bg5 Rb1+ 39. Kh2 Rb2 40.
Re7+ Kf8 41. Re6 Kg7 42. Kh3 Re2 43. Rd6 Ne1 44. Bf6+ Kg8 (44... Kh7 45. Bxe5
Rxe3 46. Bf4 Re2 47. Rh6+ Kg8 48. Rg6+ Kf7 49. Rg5 Ke6 50. Bc7) 45. Bxe5 Rxe3
46. Bf4 $2 (46. Bg3 Nd3 47. Rf6 $18) (46. Rd5 $5 Re2 (46... Kf7 47. Bf4 Re2 48.
Rxf5+ Ke6 49. g4 $18) (46... Kh7 47. Bf4 Re2 48. Rxf5 Rxg2 49. Bg3 Re2 50.
Rxh5+ Kg6 51. Rg5+ Kf6 52. Kg4 $18) 47. Bg3 Nxg2 48. Rxf5 $18) 46... Re2 47.
Rg6+ (47. Bd2 $5) 47... Kf7 48. Rg5 Ke6 49. Bc7 Ra2 50. Bb6 Nd3 51. Kh2 Ne1 52.
Kh3 Nd3 53. Bc7 Rc2 54. Bb6 Ra2 55. Kg3 Ne1 56. Rxh5 Rxg2+ 57. Kf4 Nd3+ 58. Ke3
Ne5 59. Rh6+ Kd5 $1 (59... Rg6 60. Rxg6+ Nxg6 61. h5 $16) (59... Kf7 60. Kf4
$16) 60. Bc7 (60. Kf4 Rb2 61. Bc7 Rb4+ 62. Kxf5 Nxf3 63. h5 Nd4+ 64. Kf6 Rc4
65. Bf4 Rc6+ 66. Kg5 Ne6+ 67. Kg4 Rc4 68. Rf6 Rxf4+ 69. Rxf4 Nxf4 70. Kxf4 Ke6
$10) 60... Rg7 61. Bxe5 Kxe5 1/2-1/2

[Event "Reykjavik zt playoff"]
[Site "Reykjavik"]
[Date "1995.??.??"]
[Round "?"]
[White "Tisdall, Jonathan D"]
[Black "Hansen, Lars Bo"]
[Result "0-1"]
[WhiteElo "2470"]
[BlackElo "2565"]
[Annotator "Hansen,LB"]
[PlyCount "82"]
[EventDate "1995.04.??"]
[EventType "tourn"]
[EventRounds "5"]
[EventCountry "ISL"]
[EventCategory "12"]
[SourceTitle "CBM 047"]
[Source "ChessBase"]
[SourceDate "1995.08.01"]
[SourceVersion "1"]
[SourceVersionDate "1995.08.01"]
[SourceQuality "1"]

1. d4 d5 2. c4 dxc4 3. e3 Nf6 4. Bxc4 e6 5. Nf3 c5 6. O-O a6 7. Bd3 Nbd7 $5 8.
Qe2 (8. a4 b6 9. Nc3 Bb7 10. Qe2 Bd6 11. dxc5 $6 Nxc5 12. Bc2 Nce4 $15 {
Åkesson,R-Nenashev,A/Groningen/1994/}) (8. Re1 Be7 9. e4 cxd4 10. e5 Nd5 11.
Bc4 Nc5 12. Nxd4 O-O 13. a3 b5 $1 14. Nc6 Qc7 15. Bxd5 exd5 16. Nd4 Ne6 17. Nc3
Bb7 $13 {Gelfand,B-Salov,V/Dos Hermanas/1995/}) 8... b6 9. Nc3 (9. Rd1 Bb7 10.
dxc5 Bxc5 11. a3 Qb8 12. Nbd2 O-O 13. b4 Bd6 14. Bb2 Rc8 $10 {Hansen,
LB-Nikolic,P/Wijk/1995/}) 9... Bb7 10. Rd1 Qb8 $1 11. e4 $6 $146 (11. Bd2)
11... cxd4 12. Nxd4 Bd6 13. h3 O-O $15 {X e5} 14. Bc2 Rc8 15. Be3 b5 $5 {X a5}
16. a3 Nf8 17. Nb3 $1 Ng6 18. Na5 Bc7 (18... Be5 19. Bd4 $1 $132 {X Bb7} (19.
Nxb7 $6 Qxb7 $17)) 19. Nxb7 Qxb7 20. Bd4 Be5 21. Bxe5 Nxe5 22. Rd4 (22. f4 $5
Ng6 (22... Qb6+ $5) 23. e5 $5 Nxf4 24. Qf2 N6d5 25. Be4 $1 Qe7 26. Bxd5 Nxd5
27. Nxd5 exd5 28. Rxd5 Rd8 $15 {X e5}) 22... Rd8 $1 $15 23. Rad1 Rxd4 24. Rxd4
Qb6 25. Rd1 $8 g6 $1 {^ Nh5 X f4} 26. Bd3 $138 Nh5 27. Qc2 Rc8 $1 28. Bf1 Ng3
$5 29. Qd2 Nxf1 30. Kxf1 (30. Rxf1 Rd8 $17) 30... Nc4 31. Qd7 $5 Qb8 $5 (31...
Qc7) 32. Qe7 $5 Qh2 $2 (32... Nxb2 $1 33. Rd7 Rf8 34. e5 $5 {Tisdall} Nc4 $1 (
34... Qxe5 35. Nd5 $1 Nc4 36. Nf6+ Kg7 37. Ne8+ Kg8 (37... Rxe8 $2 38. Qxf7+
Kh6 39. Qxh7+ $1 Kg5 40. h4+ $18 {->}) 38. Nf6+ $10) 35. Ne4 Nxe5 36. Rd1 (36.
Rd6 Qc8) (36. Nf6+ Kg7 37. Rd1 (37. Rc7 $2 Qd8 $19) 37... h6 $1 $17 {^ Nc6} (
37... Nc6 38. Nh5+ $1 $10)) 36... Nc6 37. Qc5 (37. Nf6+ Kh8 $1 (37... Kg7 38.
Nh5+ $10) 38. Qc5 Rd8 $1 39. Nd7 (39. Rxd8+ $2 Qxd8 40. Qxc6 $4 Qd1#) (39. Rc1
Qe5 $1 $19) 39... Qc7 40. Rd6 Kg7 $1 (40... Rxd7 $4 41. Rxd7 Qxd7 42. Qf8#) 41.
Qc3+ (41. Qxc6 Qxc6 42. Rxc6 Rxd7 43. Rxa6 $17) 41... e5 42. Rxc6 Qxd7 43.
Qxe5+ Kg8 $17 44. Rxa6 $2 Qd1+ 45. Qe1 Qc2 $19) 37... Rd8 $1 38. Rc1 Nd4 39.
Nf6+ Kg7 40. Qg5 (40. Nh5+ $2 gxh5 41. Qg5+ Kf8 $19) 40... Nf5 $1 41. Nh5+ Kg8
42. g4 (42. Nf6+ Kh8 43. g4 $4 h6 $19) 42... h6 $1 43. Qf6 gxh5 44. gxf5 Rd6
45. Qxh6 exf5 46. Qxh5 Qb7 $17) 33. Rd8+ $2 (33. Rd7 $1 Rf8 34. b3 $1 Qe5 (
34... Ne5 $6 35. Rd8 Rxd8 36. Qxd8+ Kg7 37. Qd6 $1) 35. bxc4 Qxc3 36. cxb5 axb5
37. Qb4 Qc1+ 38. Ke2 $10) (33. b3 $5 Qe5 34. Nb1 $5 Nb6 $1 (34... Nb2 $2 35.
Rd8+ Rxd8 36. Qxd8+ Kg7 37. Qd2 $1 $16 {X Nb2}) 35. Qd6 (35. Rd8+ Rxd8 36.
Qxd8+ Kg7 37. Qxb6 Qb2 $1) 35... Qxd6 36. Rxd6 Rc1+ 37. Ke2 Rxb1 38. Rxb6 Rb2+
39. Ke1 Rxb3 40. Rxa6 $10) 33... Rxd8 34. Qxd8+ Kg7 35. b3 Qe5 $1 (35... Nxa3
$6 36. Qd4+ e5 37. Qd6 $1 Nc2 38. Ne2 $1 {^ Ng3 X Qh2} h5 $1 $8 39. Qc5 (39.
Ng3 h4) 39... Nd4 40. Nxd4 (40. Ng3 h4 41. Qxe5+ Kh7 42. Qxd4 hxg3 43. Qf6 Qh1+
44. Ke2 Qxg2 45. Qxf7+ Kh8 $10) 40... exd4 41. Qxd4+ Kh7 $10) 36. bxc4 (36. Qd3
Nxa3 $17) (36. Nd1 Nxa3 $17) 36... Qxc3 37. cxb5 axb5 38. Qa8 $2 (38. Qd6 Qc4+
$17) (38. Qb6 Qd3+ $1 {Djurhuus} 39. Kg1 Qb1+ (39... Qxa3 $6 40. Qxb5 Qc1+ 41.
Qf1 $10) 40. Kh2 Qxe4 41. Qxb5 Qf4+ 42. Kg1 Qc1+ 43. Kh2 Qxa3 44. Qe5+ Kg8 45.
Qb8+ Qf8 $17) (38. Qd7 Qc1+ 39. Ke2 Qb2+ 40. Qd2 (40. Kf1 $2 Qb1+ $19) (40. Ke1
b4 $1 41. axb4 Qxb4+ $17) 40... Qxa3 41. Qd4+ Kg8 42. Qd8+ Qf8 43. Qb6 Qa8 $5
$17) (38. f3 $5 Qxa3 39. Qd4+ Kg8 40. Qd8+ Qf8 41. Qb6 Qe8 $1 {^ Qd7} (41... b4
$6 {X b4}) 42. Qb7 $1 h5 $5 $17) 38... Qa1+ 39. Ke2 b4 $1 40. a4 b3 $19 41. Qb8
Qc3 0-1

[Event "RUS-ch51"]
[Site "St Petersburg"]
[Date "1998.08.06"]
[Round "10"]
[White "Lugovoi, Aleksei"]
[Black "Karpatchev, Aleksandr"]
[Result "1-0"]
[WhiteElo "2525"]
[BlackElo "2515"]
[Annotator "Hecht,H"]
[PlyCount "123"]
[EventDate "1998.07.28"]
[EventType "swiss"]
[EventRounds "11"]
[EventCountry "RUS"]
[SourceTitle "CBM 067"]
[Source "ChessBase"]
[SourceDate "1998.11.30"]
[SourceVersion "2"]
[SourceVersionDate "1998.11.01"]
[SourceQuality "1"]

1. d4 d5 2. c4 dxc4 3. Nf3 Nf6 4. e3 e6 5. Bxc4 a6 6. O-O c5 7. a4 Nc6 8. Qe2
Qc7 9. Nc3 Bd6 10. Rd1 O-O 11. h3 b6 12. dxc5 Bxc5 13. e4 Nd7 14. e5 Ndxe5 15.
Bf4 f6 16. Ne4 Nxf3+ 17. Qxf3 Ne5 18. Qc3 Kh8 19. Rac1 Be7 20. Qg3 Qb7 21. Bxe5
Qxe4 22. Bc3 Ra7 23. Re1 Qf5 24. Bd4 Bb4 25. Red1 Qa5 26. Bb3 e5 27. Be3 Rd7
28. Qf3 Bc5 29. Rxd7 Bxd7 30. Rd1 Bxe3 31. Qxe3 Bxa4 32. Ra1 b5 33. Bd1 Qb4 34.
b3 Rc8 35. bxa4 Qb2 36. Qa3 Qd2 37. Bg4 b4 38. Qe3 Qxe3 39. fxe3 {[#]
Schwierige technische Aufgabe mit der Figur für 2 Bauern. Weiß wird versuchen,
nach der Königsaktivierung und Besserstellen des Läufers an den a-Bauern
heranzukommen.} Rc3 40. Kf2 g6 41. Bd1 a5 42. Ke2 f5 43. Ra2 f4 44. exf4 exf4
45. Rc2 Re3+ 46. Kd2 Re5 47. Bf3 Kg7 48. Rc7+ Kh6 49. Rd7 Re6 50. Ra7 Re5 51.
Rb7 Re6 52. Rb5 Ra6 53. Bb7 Rd6+ (53... Ra7 54. Kd3 $18 {[%cal Rd3d4,Rd4c5,
Rc5b6,Rb6a7]}) 54. Kc2 Rd7 55. Bf3 Ra7 56. Bb7 g5 57. Kd3 Kh5 58. Ke4 {
Behandelt die Stellung wie ein "Bauernendspiel mit Mehrturm" Unklar wäre:} (58.
Kd4 Kh4 59. Kc5 Kg3 60. Kb6 Rxb7+ 61. Kxb7 h6 $132 {Z.B:} 62. Rxa5 Kxg2 63. Rb5
f3 64. Rxb4 Kxh3 65. a5 f2 66. Rb1 (66. Rb3+ Kg2 67. Rb2 g4 68. a6 g3 69. a7
Kg1 70. a8=Q f1=Q) 66... g4 67. a6 g3 68. a7 g2 69. a8=Q g1=Q {und der Gewinn
muß jeweils nachgewiesen werden.}) 58... Kg6 59. Rb6+ Kh5 60. Kf3 h6 61. g4+
fxg3 62. Kxg3 1-0

[Event "Groningen Harmonie"]
[Site "Groningen"]
[Date "2002.12.28"]
[Round "7"]
[White "Werle, Jan"]
[Black "Jonkman, Harmen"]
[Result "1-0"]
[WhiteElo "2434"]
[BlackElo "2456"]
[Annotator "Hecht,H"]
[PlyCount "113"]
[EventDate "2002.12.21"]
[EventType "tourn"]
[EventRounds "9"]
[EventCountry "NED"]
[EventCategory "10"]
[SourceTitle "CBM 093"]
[Source "ChessBase"]
[SourceDate "2003.04.01"]
[SourceVersion "1"]
[SourceVersionDate "2003.04.01"]
[SourceQuality "1"]

1. Nf3 d5 2. d4 e6 3. c4 dxc4 4. e3 c5 5. Bxc4 a6 6. O-O Nf6 7. dxc5 Qxd1 8.
Rxd1 Bxc5 9. b3 Nbd7 10. Bb2 b6 11. Nbd2 Bb7 12. Be2 O-O 13. Ne1 Rfd8 14. Nd3
Be7 15. Nc4 Rac8 16. Rac1 Ne4 17. f3 Nd6 18. Ba3 Nf5 19. Bxe7 Nxe7 20. Nd6 Rxc1
21. Nxc1 Bc6 22. Bxa6 Nd5 23. e4 Ne3 24. Rd2 Nc5 25. Be2 f5 26. exf5 exf5 27.
Nc4 Rxd2 28. Nxd2 Kf8 29. Kf2 f4 30. Nc4 Nxc4 31. Bxc4 Ke7 32. Nd3 Nxd3+ 33.
Bxd3 {Realisieren eines Mehrbauern mit einigen technischen Problemen wegen der
Bauernschwäche f3.} h6 34. g3 g5 35. gxf4 gxf4 36. Be4 Bb5 37. Ke1 Kf6 38. a4
Bd7 39. Kd2 Kg5 40. Ke2 Kh4 41. Kf2 Kg5 42. Bc2 Kf6 43. Ke2 Ke5 (43... Kg5 44.
b4 Kh4 45. Kf2 Kh3 46. a5 bxa5 47. bxa5 Bb5 48. Bf5+ Kxh2 49. Bc8 h5 50. a6 $18
) 44. Kd3 Bc6 45. Bd1 Kd5 46. Kc3 Kc5 47. h4 Bb7 48. b4+ Kd5 (48... Kd6 49. Kd4
Bc6 50. a5 bxa5 51. bxa5 $18) 49. Bc2 Ke5 50. Be4 $1 Bxe4 51. fxe4 Kxe4 (51...
f3 52. Kd2 Kxe4 53. a5 bxa5 54. bxa5 Kd5 55. Ke3 Kc5 56. Kxf3 Kb5 57. Kg4 $18)
52. Kd2 Kf3 (52... Kd4 53. Ke2 Kc4 54. a5 bxa5 55. bxa5 Kb5 56. Kf3 Kxa5 57.
Kxf4 Kb5 58. Kg4 Kc6 59. Kh5 Kd7 60. Kxh6 $18) 53. a5 bxa5 54. bxa5 Kg3 55. a6
f3 56. a7 f2 57. Ke2 1-0

[Event "Copenhagen K41"]
[Site "Copenhagen"]
[Date "1995.??.??"]
[Round "6"]
[White "Danielsen, Henrik"]
[Black "Ye, Rongguang"]
[Result "0-1"]
[WhiteElo "2430"]
[BlackElo "2535"]
[Annotator "Hecht,H"]
[PlyCount "156"]
[EventDate "1995.06.??"]
[EventType "tourn"]
[EventRounds "9"]
[EventCountry "DEN"]
[EventCategory "10"]
[SourceTitle "CBM 048"]
[Source "ChessBase"]
[SourceDate "1995.10.01"]
[SourceVersion "1"]
[SourceVersionDate "1995.10.01"]
[SourceQuality "1"]

1. d4 d5 2. c4 dxc4 3. Nf3 a6 4. e3 Nf6 5. Bxc4 e6 6. O-O c5 7. Nbd2 b5 8. Be2
Bb7 9. a4 cxd4 10. Nxd4 b4 11. Bf3 Ra7 12. b3 Be7 13. Bb2 O-O 14. Rc1 Nd5 15.
Qe2 Nd7 16. Bxd5 Bxd5 17. Nc6 Bxc6 18. Rxc6 Nb8 19. Rc4 Rd7 20. Qg4 g6 21. Nf3
Rd5 22. Ne5 f5 23. Qg3 Bd6 24. f4 Bxe5 25. Bxe5 Nd7 26. Bd4 a5 27. Rfc1 Nf6 28.
Qh4 Ne4 29. Qe1 Rd7 30. h3 Qe7 31. Kh2 Re8 32. R1c2 h5 33. Rc8 Kf7 34. R8c6 g5
35. Bb6 g4 36. Bd4 g3+ 37. Kg1 h4 38. Qe2 Kg6 39. Ra6 Nf6 40. Rcc6 Rc7 41. Qc4
Rxc6 42. Rxc6 Ne4 43. Rc7 Qd6 44. Rc6 Qd7 45. Rc7 Qd6 46. Qb5 Nf6 47. Qxa5 Nd5
48. Rc1 Nxf4 49. Qb5 Rd8 50. Rc6 Qd7 51. Qe5 Ne2+ 52. Kf1 Nxd4 53. Rc7 Rc8 54.
Rxc8 Qxc8 55. exd4 {Q-Q, 4-5 P, Raum, dank Freibauern Übergang in ein weiteres
Q-Endspiel} Qc1+ 56. Ke2 Qc2+ 57. Ke1 Qxb3 58. d5 Qxd5 59. Qxd5 exd5 60. a5 f4
61. a6 b3 (61... f3 62. gxf3 g2 63. Kf2 b3 64. a7 $15) 62. Kd2 b2 63. a7 (63.
Kc2 f3 64. a7 fxg2 65. a8=Q b1=Q+ 66. Kxb1 g1=Q+ $19) 63... b1=Q 64. a8=Q {
Q-Q (Teil 2) 2-4 P, Raum, einfacher Gewinn dank K-Einsatz} Qb4+ 65. Kc2 Qc5+
66. Kb3 Kf5 67. Qh8 Qc4+ 68. Ka3 Ke4 69. Qxh4 Qc3+ 70. Ka4 Qc2+ 71. Kb4 Qxg2
72. Qh7+ Ke3 73. Qa7+ d4 74. Qa3+ d3 75. Qa7+ Ke2 76. Qa2+ d2 77. Qc4+ Ke1 78.
Qxf4 d1=Q 0-1

[Event "Tan Chin Nam Cup 8th"]
[Site "Qingdao"]
[Date "2002.07.04"]
[Round "1"]
[White "Wang, Yue"]
[Black "Xu, Jun"]
[Result "1-0"]
[WhiteElo "2455"]
[BlackElo "2654"]
[Annotator "Hecht,H"]
[PlyCount "79"]
[EventDate "2002.07.04"]
[EventType "swiss"]
[EventRounds "9"]
[EventCountry "CHN"]
[SourceTitle "CBM 091"]
[Source "ChessBase"]
[SourceDate "2002.11.12"]
[SourceVersion "1"]
[SourceVersionDate "2002.11.12"]
[SourceQuality "1"]

1. d4 d5 2. c4 dxc4 3. Nf3 Nf6 4. e3 e6 5. Bxc4 c5 6. O-O a6 7. Bb3 b6 8. Nc3
Bb7 9. dxc5 Qxd1 10. Bxd1 Bxc5 11. Na4 Nbd7 12. Nxc5 Nxc5 13. Ne5 O-O 14. f3 a5
15. e4 Ba6 16. Rf2 Rfd8 17. Be3 Rac8 18. Be2 Bxe2 19. Rxe2 Nfd7 20. Nxd7 Nxd7
21. Rd1 Kf8 22. Red2 Ke7 23. Kf2 Nc5 24. Bd4 f6 25. Bxc5+ bxc5 26. Rxd8 Rxd8
27. Rxd8 Kxd8 {Bauernschwäche c5, Zugzwang, Reservetempo} 28. a4 Kd7 29. Ke3
Kd6 30. Kd3 g6 31. Kc4 Kc6 32. h4 Kb6 33. g4 g5 (33... Kc6 $142 34. f4 {
[%csl Rd5][%cal Rf4f5]} g5 $1 {am zähesten} (34... Kb6 35. f5 gxf5 36. gxf5
exf5 37. exf5 Kc6 38. h5 Kd6 39. Kb5 Kd5 40. Kxa5 Kc6 41. b3 $18) 35. hxg5 fxg5
36. f5 (36. fxg5 Kb6 37. Kd3 Kc6 38. Ke3 Kd6 39. Kf4 c4 40. g6 hxg6 41. Kg5 Kc5
42. Kf6 Kb4 43. Kxe6 Kxa4 44. Kd5 Kb3 45. e5 a4 46. e6 c3 47. bxc3 a3 48. e7 a2
49. e8=Q a1=Q 50. Qb8+ Kc2 51. Qb4 $18) 36... e5 37. b3 Kd6 38. Kb5 Ke7 (38...
h5 39. gxh5 g4 40. h6 g3 41. h7 g2 42. h8=Q g1=Q 43. Qd8#) 39. Kxc5 h5 40. gxh5
g4 41. h6 Kf6 42. Kd6 g3 43. h7 Kg7 44. f6+ Kxh7 45. f7 g2 46. f8=Q g1=Q 47.
Qe7+ Kg6 48. Qe6+ Kh7 49. Qxe5 Qb6+ 50. Kd7 Qxb3 51. Qh5+ Kg7 52. Qxa5 Qf7+ 53.
Kd6 Qf6+ 54. Kd5 Qf7+ 55. Kd4 Qf2+ 56. Kc4 Qf1+ 57. Kb4 Qe1+ 58. Kb5 Qe2+ 59.
Kb6 Qxe4 60. Qc3+ $18 {wegen der ungünstigen schwarzen Position des Königs,
der sich im Gegenschachbereich befindet.}) 34. e5 gxh4 (34... fxe5 35. hxg5 Kc6
36. b3 Kb6 37. Kd3 Kc6 38. Ke4 Kd6 39. g6 hxg6 40. g5 Kd7 41. Kxe5 Ke7 42. f4 {
Das zweite Reservetempo!}) 35. exf6 h3 36. f7 h2 37. f8=Q h1=Q 38. Qxc5+ Kb7
39. Qb5+ Kc8 40. Qc6+ (40. Qc6+ Kb8 41. Qb6+ {und ein weiterer Bauer fällt mit
Schach}) 1-0